00485nam a2200181Ia 4500008004100000020001800041050001400059100002600073245003900099245005200138260001500190260002800205260000900233300001600242300002700258300001000285500000800295170918s9999 xx 000 0 und d a9788184776607 bG216 2002 aGarcia, Laura Gallego 4aThe legend of the wandering king / cLaura Gallego Garcia ; translated by Dan Bellm. aNew York : bArthur A. Levine Books, c2002 a213 pages : bcolored illustration ; c21cm. a900